000 01627nam0a2200349 4500
001 RU\NLR\bibl\1858599
005 20260405071904.0
010 _a978-5-8382-0552-0
_91000
021 _aRU
_b2011-103049
_97370
035 _a(NLR Aleph) 001848515
090 _a2369525
_c2369525
100 _a20120119d2011 |||y0rusy50 ca
101 0 _arus
_deng
102 _aRU
105 _aac |||||||||
200 1 _aЗнак судьбы
_dA sign of destiny
_eрубаи
_fА.Н. Ежов
_gМеждунар. "Лига развития науки и образования" (Россия) [и др.]
_zeng
210 _aМосква
_aАрхангельск
_cИнститут управления
_d2011
215 _a159 c.
_cил., портр.
_d20
300 _aАвт. также на англ. яз.: A.N. Ezhov
300 _aВ надзаг. также: Междунар. ассоц. развития науки, образования и культуры России (Италия), Междунар. Ин-т упр. им. свт. праведного воина Феодора Ушакова (г. Архангельск)
300 _aРез. на англ. яз.
510 0 _6z45790
_aA sign of destiny
_zeng
686 _aШ6(2=Р)8-5
700 1 _4070
_8rus
_7ca
_aЕжов
_bА. Н.
_f1946-
_gАнатолий Николаевич
_3RU\NLR\auth\7718468
_91545
790 1 _4070
_8rus
_7ba
_aEžov
_bA. N.
_f1946-
_gAnatolij Nikolaevič
_3RU\NLR\auth\7718469
_91546
801 0 _aRU
_bNLR
_c20120119
_gRCR
801 1 _aRU
_bNLR
_c20120119
942 _cBOOK
980 _aNB
980 _aNBR